[Event "Neiva Ascun Nodo op"]
[Site "Neiva"]
[Date "2023.04.02"]
[Round "6"]
[White "Perez Giraldo, Jaime Alonso"]
[Black "Valenzuela, Juan Camilo"]
[Result "1-0"]
[WhiteElo "1517"]
[BlackElo "1633"]
[PlyCount "85"]
[EventDate "2023.03.30"]
[EventType "swiss"]
[EventRounds "6"]
[EventCountry "COL"]
[SourceTitle "CBM 213 Extra"]
[Source "ChessBase"]
[SourceDate "2023.05.31"]
[SourceVersion "1"]
[SourceVersionDate "2023.05.31"]
[SourceQuality "1"]

1. e4 e5 2. Nf3 Nc6 3. Bb5 a6 4. Bxc6 dxc6 5. d4 exd4 6. Qxd4 Be7 7. Be3 Nf6 8. Nc3 h6 9. h3 Be6 10. 0-0-0 Qxd4 11. Nxd4 0-0-0 12. Nxe6 fxe6 13. f4 Bb4 14. Rd3 Bxc3 15. bxc3 Nxe4 16. Bd4 Nf6 17. Re1 Rhe8 18. Rde3 Kd7 19. g4 Nd5 20. Re4 Nf6 21. R4e2 b6 22. c4 c5 23. Bc3 Re7 24. a4 Rf8 25. Rd1+ Kc8 26. f5 Rfe8 27. Rde1 Kd7 28. Rd1+ Kc8 29. Rde1 Kd7 30. Rd1+ Kc6 31. Rde1 h5 32. g5 Nh7 33. f6 gxf6 34. g6 e5 35. gxh7 Rxh7 36. Rf1 Re6 37. Ref2 Rh6 38. Rf5 h4 39. Bd2 Rg6 40. Rh5 Rg3 41. Rxh4 Ra3 42. Kb2 Rxa4 43. Kb3 1-0

[Event "Neiva Ascun Nodo op"]
[Site "Neiva"]
[Date "2023.03.31"]
[Round "3"]
[White "Valenzuela, Juan Camilo"]
[Black "Zea Parra, Luis Estiven"]
[Result "1/2-1/2"]
[WhiteElo "1633"]
[BlackElo "1418"]
[PlyCount "44"]
[EventDate "2023.03.30"]
[EventType "swiss"]
[EventRounds "6"]
[EventCountry "COL"]
[SourceTitle "CBM 213 Extra"]
[Source "ChessBase"]
[SourceDate "2023.05.31"]
[SourceVersion "1"]
[SourceVersionDate "2023.05.31"]
[SourceQuality "1"]

1. e4 c5 2. Nc3 a6 3. g3 Nc6 4. Bg2 d6 5. d3 Nf6 6. h3 h5 7. Be3 Rb8 8. Qd2 b5 9. f4 Qc7 10. Nf3 e5 11. 0-0 Be7 12. fxe5 dxe5 13. Nh4 Nd4 14. Bg5 Qd8 15. Be3 0-0 16. Ne2 Nh7 17. Nf5 Bg5 18. Rac1 Bxe3+ 19. Qxe3 Bxf5 20. exf5 Nxe2+ 21. Qxe2 Qd4+ 22. Kh2 Nf6 1/2-1/2

[Event "Florencia Caqueta-ch"]
[Site "Florencia"]
[Date "2021.04.02"]
[Round "6"]
[White "Saenz Leyva, Oscar Eduardo"]
[Black "Valenzuela, Juan Camilo"]
[Result "0-1"]
[WhiteElo "1593"]
[BlackElo "1672"]
[PlyCount "24"]
[EventDate "2021.03.30"]
[EventType "swiss"]
[EventRounds "6"]
[EventCountry "COL"]
[SourceTitle "EXT 2022"]
[Source "ChessBase"]
[SourceDate "2021.10.06"]
[SourceVersion "1"]
[SourceVersionDate "2021.10.06"]
[SourceQuality "1"]

1. e4 g6 2. d4 Bg7 3. Be3 d6 4. Nc3 Nf6 5. Bd3 Nbd7 6. Qd2 e5 7. d5 0-0 8. 0-0-0 Ng4 9. Nge2 Nxe3 10. Qxe3 Nc5 11. Ng3 Qh4 12. Nb5 Bh6 0-1

[Event "Florencia Caqueta-ch"]
[Site "Florencia"]
[Date "2021.04.02"]
[Round "5"]
[White "Valenzuela, Juan Camilo"]
[Black "Medina, Juan Esteban"]
[Result "0-1"]
[WhiteElo "1672"]
[BlackElo "1260"]
[PlyCount "72"]
[EventDate "2021.03.30"]
[EventType "swiss"]
[EventRounds "6"]
[EventCountry "COL"]
[SourceTitle "EXT 2022"]
[Source "ChessBase"]
[SourceDate "2021.10.06"]
[SourceVersion "1"]
[SourceVersionDate "2021.10.06"]
[SourceQuality "1"]

1. Nf3 c5 2. b3 e6 3. Bb2 Nf6 4. e3 Be7 5. Be2 0-0 6. 0-0 d5 7. c4 b6 8. d4 Bb7 9. Nc3 Nc6 10. dxc5 dxc4 11. Qxd8 Rfxd8 12. cxb6 cxb3 13. bxa7 bxa2 14. Rxa2 Rxa7 15. Rxa7 Nxa7 16. Rb1 Bc6 17. Nd4 Be8 18. Bf3 g6 19. Ra1 Nc8 20. h3 Nd6 21. Ra7 Bf8 22. Nc6 Bxc6 23. Bxc6 Nc4 24. Bc1 Ne5 25. Bf3 Rc8 26. Bd2 Kg7 27. Ra4 Rd8 28. Be1 Nd3 29. Kf1 Rc8 30. Ne2 Rb8 31. Rd4 Rb3 32. Nf4 Nxe1 33. Kxe1 e5 34. Bd1 Rb1 35. Rc4 exf4 36. exf4 Nd5 0-1

[Event "Florencia Caqueta-ch"]
[Site "Florencia"]
[Date "2021.04.01"]
[Round "3"]
[White "Valenzuela, Juan Camilo"]
[Black "Ruiz, Kenny"]
[Result "1/2-1/2"]
[WhiteElo "1672"]
[BlackElo "1778"]
[PlyCount "65"]
[EventDate "2021.03.30"]
[EventType "swiss"]
[EventRounds "6"]
[EventCountry "COL"]
[SourceTitle "EXT 2022"]
[Source "ChessBase"]
[SourceDate "2021.10.06"]
[SourceVersion "1"]
[SourceVersionDate "2021.10.06"]
[SourceQuality "1"]

1. d4 Nf6 2. Nf3 e6 3. Bf4 d5 4. e3 c5 5. c3 Qb6 6. Qc2 Nc6 7. Nbd2 Bd7 8. Be2 Rc8 9. Qb3 Na5 10. Qxb6 axb6 11. Ne5 c4 12. f3 b5 13. a3 h6 14. e4 Bc6 15. 0-0 dxe4 16. fxe4 Bxe4 17. Nxe4 Nxe4 18. Nxf7 Kxf7 19. Bc7+ Nf6 20. Bxa5 Bd6 21. Bf3 Rb8 22. Rae1 b6 23. Bb4 Rhd8 24. Bxd6 Rxd6 25. Re5 Ke7 26. Rfe1 Kd7 27. Rxb5 Nd5 28. Bxd5 Rxd5 29. Re5 Rxe5 30. Rxe5 Rf8 31. Re3 Rf5 32. g3 Rb5 33. Re2 1/2-1/2

[Event "COL pre olympic sf2"]
[Site "Palmira"]
[Date "2019.06.01"]
[Round "7"]
[White "Hernandez Pinzon, Helvert"]
[Black "Valenzuela, Juan Camilo"]
[Result "1-0"]
[WhiteElo "2025"]
[BlackElo "1665"]
[PlyCount "48"]
[EventDate "2019.05.29"]
[EventType "swiss"]
[EventRounds "10"]
[EventCountry "COL"]
[SourceTitle "CBM 190 Extra"]
[Source "ChessBase"]
[SourceDate "2019.07.15"]
[SourceVersion "1"]
[SourceVersionDate "2019.07.15"]
[SourceQuality "1"]

1. e4 e6 2. d4 d5 3. Nc3 Nf6 4. e5 Nfd7 5. f4 Bb4 6. Be3 Bxc3+ 7. bxc3 b6 8. Nf3 Ba6 9. Bxa6 Nxa6 10. Qd3 Qc8 11. f5 exf5 12. Qxf5 Nf8 13. Qxc8+ Rxc8 14. Kd2 Ne6 15. Rhf1 h6 16. Nh4 g6 17. Rf6 Ke7 18. Raf1 Rcf8 19. a3 c5 20. R1f2 Nb8 21. Rxf7+ Rxf7 22. Nxg6+ Ke8 23. Nxh8 Rxf2+ 24. Bxf2 Nc6 1-0

[Event "COL pre olympic sf2"]
[Site "Palmira"]
[Date "2019.05.31"]
[Round "4"]
[White "Valenzuela, Juan Camilo"]
[Black "Salguero, Miguel Angel"]
[Result "1-0"]
[WhiteElo "1665"]
[BlackElo "1161"]
[PlyCount "41"]
[EventDate "2019.05.29"]
[EventType "swiss"]
[EventRounds "10"]
[EventCountry "COL"]
[SourceTitle "CBM 190 Extra"]
[Source "ChessBase"]
[SourceDate "2019.07.15"]
[SourceVersion "1"]
[SourceVersionDate "2019.07.15"]
[SourceQuality "1"]

1. b3 c5 2. Bb2 Nc6 3. f4 e6 4. Nf3 Nf6 5. e3 Be7 6. Be2 d6 7. 0-0 0-0 8. h3 h6 9. g4 e5 10. g5 hxg5 11. fxg5 Ne4 12. h4 Bh3 13. Re1 Qd7 14. Nh2 f6 15. Nc3 Ng3 16. Bc4+ Be6 17. Qg4 Nf5 18. Qxf5 Nd8 19. g6 Bxc4 20. Qxd7 Nc6 21. bxc4 1-0

[Event "COL pre olympic sf2"]
[Site "Palmira"]
[Date "2019.05.30"]
[Round "2"]
[White "Valenzuela, Juan Camilo"]
[Black "Jaramillo Dominguez, Alejandro"]
[Result "1-0"]
[WhiteElo "1665"]
[BlackElo "1407"]
[PlyCount "33"]
[EventDate "2019.05.29"]
[EventType "swiss"]
[EventRounds "10"]
[EventCountry "COL"]
[SourceTitle "CBM 190 Extra"]
[Source "ChessBase"]
[SourceDate "2019.07.15"]
[SourceVersion "1"]
[SourceVersionDate "2019.07.15"]
[SourceQuality "1"]

1. b3 c5 2. Bb2 d6 3. f4 e6 4. Nf3 Nf6 5. e3 Be7 6. Be2 Nc6 7. 0-0 0-0 8. Qe1 Bd7 9. h3 Qb6 10. g4 Nb4 11. Na3 h6 12. Qh4 Nfd5 13. g5 Rfe8 14. Qh5 hxg5 15. Nxg5 Bxg5 16. fxg5 Kf8 17. Qxf7# 1-0

[Event "COL pre olympic sf2"]
[Site "Palmira"]
[Date "2019.05.29"]
[Round "1"]
[White "Martinez, Cristian Camilo"]
[Black "Valenzuela, Juan Camilo"]
[Result "1-0"]
[WhiteElo "2194"]
[BlackElo "1665"]
[PlyCount "41"]
[EventDate "2019.05.29"]
[EventType "swiss"]
[EventRounds "10"]
[EventCountry "COL"]
[SourceTitle "CBM 190 Extra"]
[Source "ChessBase"]
[SourceDate "2019.07.15"]
[SourceVersion "1"]
[SourceVersionDate "2019.07.15"]
[SourceQuality "1"]

1. e4 e6 2. d4 d5 3. Nd2 Nf6 4. e5 Nfd7 5. Bd3 c5 6. c3 Nc6 7. Ne2 Qb6 8. Nf3 cxd4 9. cxd4 Bb4+ 10. Bd2 Bxd2+ 11. Qxd2 Qb4 12. a3 Qxd2+ 13. Nxd2 0-0 14. 0-0 b6 15. Rac1 Bb7 16. b4 Rac8 17. Rc2 Ncb8 18. Rfc1 Rxc2 19. Rxc2 Rc8 20. Rxc8+ Bxc8 21. b5 1-0

[Event "Caqueta Florencia op 5th"]
[Site "Florencia"]
[Date "2018.12.03"]
[Round "6"]
[White "Remicio Duque, John H"]
[Black "Valenzuela, Juan Camilo"]
[Result "1/2-1/2"]
[WhiteElo "2064"]
[BlackElo "1571"]
[PlyCount "42"]
[EventDate "2018.11.30"]
[EventType "swiss"]
[EventRounds "7"]
[EventCountry "COL"]
[SourceTitle "EXT 2020"]
[Source "ChessBase"]
[SourceDate "2019.10.17"]
[SourceVersion "1"]
[SourceVersionDate "2019.10.17"]
[SourceQuality "1"]

1. e4 e6 2. d4 d5 3. Nc3 Bb4 4. e5 Ne7 5. a3 Bxc3+ 6. bxc3 c5 7. Qg4 Nf5 8. Bb5+ Bd7 9. Bxd7+ Nxd7 10. Ne2 Qh4 11. Qxh4 Nxh4 12. 0-0 Rc8 13. Rb1 b6 14. Rb2 Nf5 15. g4 Ne7 16. f4 f5 17. h3 Kf7 18. Bd2 g6 19. Kg2 h5 20. g5 c4 21. a4 a5 1/2-1/2

[Event "Caqueta Florencia op 5th"]
[Site "Florencia"]
[Date "2018.12.02"]
[Round "3"]
[White "Valenzuela, Juan Camilo"]
[Black "Martinez Murcia, John Alexander"]
[Result "1-0"]
[WhiteElo "1571"]
[BlackElo "1849"]
[PlyCount "108"]
[EventDate "2018.11.30"]
[EventType "swiss"]
[EventRounds "7"]
[EventCountry "COL"]
[SourceTitle "EXT 2020"]
[Source "ChessBase"]
[SourceDate "2019.10.17"]
[SourceVersion "1"]
[SourceVersionDate "2019.10.17"]
[SourceQuality "1"]

1. b3 e5 2. Bb2 Nc6 3. e3 Nf6 4. Bb5 Bd6 5. Ne2 a6 6. Bxc6 dxc6 7. Na3 Be6 8. Nc4 Nd7 9. 0-0 Qe7 10. Nxd6+ cxd6 11. f4 f6 12. Ng3 0-0-0 13. Ba3 h5 14. d4 Bg4 15. Qd3 exf4 16. exf4 Rde8 17. Rae1 Qxe1 18. Rxe1 Rxe1+ 19. Kf2 Rhe8 20. h3 Bd1 21. Bb4 h4 22. Bxe1 hxg3+ 23. Qxg3 Re2+ 24. Kg1 Bxc2 25. Bf2 Re7 26. f5 Kc7 27. Qf4 Nb6 28. g4 Nd5 29. Qd2 Be4 30. a3 g6 31. fxg6 Bxg6 32. h4 Re4 33. g5 f5 34. Qd1 Rg4+ 35. Kh2 Bh5 36. Qe1 Re4 37. Qa5+ Kd7 38. Kg1 Be2 39. Bg3 Rg4 40. Qe1 Bd3 41. Kh2 f4 42. Bf2 Bf5 43. Qe2 Nc3 44. Qf3 Ne4 45. Be1 d5 46. g6 Rxg6 47. Qxf4 Be6 48. Qb8 Rf6 49. Qxb7+ Ke8 50. Qxc6+ Kf7 51. h5 Ng5 52. Qc7+ Ke8 53. Bb4 Nf3+ 54. Kg2 Bd7 1-0

[Event "Ibague sf3 U18"]
[Site "Ibague"]
[Date "2017.03.25"]
[Round "4.3"]
[White "Valenzuela, Juan Camilo"]
[Black "Gallego, Julian Andres"]
[Result "0-1"]
[WhiteElo "1580"]
[BlackElo "1906"]
[PlyCount "116"]
[EventDate "2017.03.23"]
[EventType "swiss"]
[EventRounds "6"]
[EventCountry "COL"]
[SourceTitle "EXT 2024"]
[Source "ChessBase"]
[SourceDate "2023.10.10"]
[SourceVersion "1"]
[SourceVersionDate "2023.10.10"]
[SourceQuality "1"]

1. f4 d5 2. Nf3 Nf6 3. e3 Bf5 4. b3 h5 5. Bb2 e6 6. Be2 h4 7. 0-0 Nbd7 8. d3 c6 9. d4 b5 10. c3 a5 11. Nbd2 a4 12. Ne5 Qc7 13. c4 a3 14. Bc1 bxc4 15. bxc4 Bb4 16. Nb3 Bc3 17. Bd2 Bb2 18. Rc1 Nxe5 19. fxe5 Ne4 20. cxd5 Bxc1 21. Qxc1 Nxd2 22. Nxd2 Qb6 23. Qxc6+ Qxc6 24. dxc6 Bg6 25. Rc1 Ke7 26. Bf3 Rab8 27. Nc4 Rb1 28. Rxb1 Bxb1 29. Nxa3 Bxa2 30. Nb5 Bc4 31. Nd6 Ba6 32. Kf2 f6 33. Ke1 fxe5 34. dxe5 Rf8 35. Kd2 g5 36. Kc3 Kd8 37. h3 Kc7 38. Kd4 Kb6 39. Ne4 Rd8+ 40. Nd6 Bb5 41. c7 Kxc7 42. Kc5 Bf1 43. Nf7 Rg8 44. Nh6 Rb8 45. Nf7 Kd7 46. Nxg5 Rg8 47. Nxe6 Rc8+ 48. Kb6 Rb8+ 49. Ka7 Rb5 50. Nd4 Rxe5 51. Kb6 Rxe3 52. Kc5 Re5+ 53. Kb4 Kd6 54. Kc3 Rc5+ 55. Kd2 Ke5 56. Ne2 Bxe2 57. Kxe2 Kf4 58. Kf2 Rc2+ 0-1

[Event "Ibague sf3 U18"]
[Site "Ibague"]
[Date "2017.03.23"]
[Round "1.1"]
[White "Cardoso Cardoso, Jose Gabriel"]
[Black "Valenzuela, Juan Camilo"]
[Result "1-0"]
[WhiteElo "2092"]
[BlackElo "1580"]
[PlyCount "85"]
[EventDate "2017.03.23"]
[EventType "swiss"]
[EventRounds "6"]
[EventCountry "COL"]
[SourceTitle "EXT 2024"]
[Source "ChessBase"]
[SourceDate "2023.10.10"]
[SourceVersion "1"]
[SourceVersionDate "2023.10.10"]
[SourceQuality "1"]

1. d4 Nf6 2. c4 g6 3. Nc3 Bg7 4. e4 d6 5. f3 0-0 6. Bg5 Nbd7 7. Qd2 e5 8. Nge2 Nb6 9. b3 a5 10. Rd1 Be6 11. d5 Bd7 12. Ng3 Qc8 13. h4 h5 14. Bd3 Kh7 15. Nf1 Ng8 16. g4 Bh6 17. Ng3 Bxg5 18. hxg5 Bxg4 19. fxg4 Qxg4 20. Qe3 Ne7 21. Be2 Qf4 22. Kd2 f5 23. gxf6 Rxf6 24. Rdf1 Qxe3+ 25. Kxe3 Raf8 26. Rxf6 Rxf6 27. Nb5 c6 28. Nc7 cxd5 29. cxd5 Rf4 30. Ne6 Rf6 31. Nd8 Kh6 32. Nxb7 a4 33. bxa4 Nxa4 34. Bb5 Nc3 35. Bc4 Kg5 36. Rg1 Kh4 37. Ne2 Na4 38. Bb3 Nb6 39. a4 g5 40. a5 Nbc8 41. Rh1+ Kg4 42. Bd1 h4 43. Nf4+ 1-0

[Event "Ibague sf3 U18"]
[Site "Ibague"]
[Date "2017.03.23"]
[Round "6.5"]
[White "Valenzuela, Juan Camilo"]
[Black "Lopez Guarin, Simon"]
[Result "0-1"]
[WhiteElo "1580"]
[BlackElo "1526"]
[PlyCount "76"]
[EventDate "2017.03.23"]
[EventType "swiss"]
[EventRounds "6"]
[EventCountry "COL"]
[SourceTitle "EXT 2024"]
[Source "ChessBase"]
[SourceDate "2023.10.10"]
[SourceVersion "1"]
[SourceVersionDate "2023.10.10"]
[SourceQuality "1"]

1. b3 d5 2. f4 c5 3. Nf3 Nc6 4. e3 a6 5. Bb2 Nf6 6. Be2 g6 7. 0-0 Bg7 8. Qe1 0-0 9. Qh4 Bf5 10. d3 Nb4 11. Na3 b5 12. Rad1 Nxa2 13. h3 Ne8 14. Bxg7 Kxg7 15. g4 Nc3 16. Rd2 Bd7 17. Nb1 Nxe2+ 18. Rxe2 e6 19. g5 Rh8 20. Qh6+ Kg8 21. Nbd2 Nd6 22. e4 Qf8 23. Ne5 Qxh6 24. gxh6 Bc8 25. Ng4 d4 26. e5 Nf5 27. Ne4 Bb7 28. Nxc5 Ng3 29. Nd7 f5 30. exf6 Nxe2+ 31. Kf2 Nxf4 32. Kg3 g5 33. Nge5 Rf8 34. Kg4 Bg2 35. Ra1 Rf7 36. Rxa6 Rxd7 37. Nxd7 Kf7 38. Ra7 Ra8 0-1

[Event "Caqueta Florencia op"]
[Site "Caqueta"]
[Date "2016.12.04"]
[Round "6"]
[White "Agudelo, Juan Sebastian"]
[Black "Valenzuela, Juan Camilo"]
[Result "0-1"]
[WhiteElo "1503"]
[BlackElo "1560"]
[PlyCount "76"]
[EventDate "2016.12.01"]
[EventType "swiss"]
[EventRounds "6"]
[EventCountry "COL"]
[SourceTitle "CBM 176 Extra"]
[Source "ChessBase"]
[SourceDate "2017.03.02"]
[SourceVersion "1"]
[SourceVersionDate "2017.03.02"]
[SourceQuality "1"]

1. e4 d6 2. d4 Nf6 3. Nc3 g6 4. Be3 Bg7 5. Qd2 Ng4 6. Bf4 Bxd4 7. Qxd4 e5 8. Bxe5 dxe5 9. Qxd8+ Kxd8 10. h3 Nf6 11. Bc4 Ke7 12. Nge2 c6 13. 0-0 Nbd7 14. f4 b5 15. Bb3 b4 16. Na4 Ba6 17. fxe5 Nxe5 18. Rfe1 Rad8 19. Nf4 Rd2 20. Nc5 Bc8 21. Ncd3 Nxd3 22. Nxd3 a5 23. Re3 Be6 24. Ba4 Rc8 25. Kf1 Bc4 26. e5 Nd5 27. Rg3 Nf4 28. Ke1 Re2+ 29. Kf1 Rxe5 30. Bb3 Bxd3+ 31. cxd3 Rd8 32. Re1 Rxe1+ 33. Kxe1 Nxd3+ 34. Ke2 Nc1+ 35. Ke1 Nxb3 36. Rxb3 f5 37. a3 c5 38. axb4 axb4 0-1

[Event "Caqueta Florencia op"]
[Site "Caqueta"]
[Date "2016.12.03"]
[Round "5"]
[White "Valenzuela, Juan Camilo"]
[Black "Martinez Nanez, Santiago"]
[Result "1-0"]
[WhiteElo "1560"]
[BlackElo "1345"]
[PlyCount "69"]
[EventDate "2016.12.01"]
[EventType "swiss"]
[EventRounds "6"]
[EventCountry "COL"]
[SourceTitle "CBM 176 Extra"]
[Source "ChessBase"]
[SourceDate "2017.03.02"]
[SourceVersion "1"]
[SourceVersionDate "2017.03.02"]
[SourceQuality "1"]

1. e4 c5 2. Nf3 d6 3. c4 e6 4. Nc3 Nc6 5. d4 cxd4 6. Nxd4 Nf6 7. Be2 Be7 8. b3 0-0 9. Be3 d5 10. exd5 exd5 11. 0-0 Bb4 12. Nxd5 Nxd5 13. cxd5 Qxd5 14. Bf3 Qd7 15. Nxc6 bxc6 16. Rc1 Ba3 17. Bxc6 Qxd1 18. Rcxd1 Ba6 19. Bxa8 Bxf1 20. Kxf1 Rxa8 21. Ke2 Kf8 22. Rd7 a5 23. Ra7 Rxa7 24. Bxa7 Ke7 25. Kd3 Kd6 26. Kc4 Kc6 27. Bd4 g6 28. Bc3 Kb6 29. Kd5 f5 30. f3 Be7 31. a4 Bd8 32. b4 axb4 33. Bxb4 Bc7 34. h3 f4 35. Bd6 1-0

[Event "COL-ch U16 m sf1"]
[Site "Ibague"]
[Date "2016.04.16"]
[Round "5.3"]
[White "Valenzuela, Juan Camilo"]
[Black "Ribero, Guillermo Andres"]
[Result "0-1"]
[WhiteElo "1591"]
[BlackElo "1832"]
[PlyCount "74"]
[EventDate "2016.04.14"]
[EventType "swiss"]
[EventRounds "6"]
[EventCountry "COL"]
[SourceTitle "EXT 2024"]
[Source "ChessBase"]
[SourceDate "2023.10.10"]
[SourceVersion "1"]
[SourceVersionDate "2023.10.10"]
[SourceQuality "1"]

1. e4 c5 2. Nf3 d6 3. d4 cxd4 4. Nxd4 Nf6 5. Nc3 g6 6. Be3 Bg7 7. f3 Nc6 8. Qd2 0-0 9. Bc4 Bd7 10. 0-0-0 Rb8 11. h4 b5 12. Bb3 Na5 13. Bh6 Bxh6 14. Qxh6 e5 15. Nde2 Nxb3+ 16. axb3 Be6 17. h5 Rb7 18. g4 b4 19. Nd5 Bxd5 20. exd5 Qa5 21. Kb1 Rc8 22. Ng3 Qc7 23. Rh2 a5 24. Nf5 Ne8 25. Ng3 Ra8 26. Ne4 a4 27. g5 Qe7 28. bxa4 Rxa4 29. Rd3 Qd8 30. b3 Ra6 31. Rh4 Rba7 32. Kc1 Qb6 33. Rg4 Ra1+ 34. Kd2 Rf1 35. hxg6 fxg6 36. Rh4 Rf2+ 37. Nxf2 Qxf2+ 0-1

[Event "Florencia op"]
[Site "Florencia"]
[Date "2015.12.06"]
[Round "4"]
[White "Moreno, Pablo Emilio"]
[Black "Valenzuela, Juan Camilo"]
[Result "1/2-1/2"]
[WhiteElo "1775"]
[BlackElo "1591"]
[PlyCount "56"]
[EventDate "2015.12.04"]
[EventType "swiss"]
[EventRounds "7"]
[EventCountry "COL"]
[SourceTitle "CBM 169 Extra"]
[Source "ChessBase"]
[SourceDate "2015.12.18"]
[SourceVersion "1"]
[SourceVersionDate "2015.12.18"]
[SourceQuality "1"]

1. e4 e6 2. Nf3 d5 3. exd5 exd5 4. d4 Bd6 5. h3 Ne7 6. Bd3 Bf5 7. 0-0 0-0 8. Re1 Bxd3 9. Qxd3 Nd7 10. Nbd2 c6 11. Nf1 Ng6 12. Bg5 f6 13. Bh4 Qc7 14. Bg3 Rae8 15. Bxd6 Qxd6 16. Ng3 Nb6 17. Nf5 Qb4 18. b3 Nf4 19. Qd2 Qxd2 20. Nxd2 Nc8 21. Kf1 g6 22. Ng3 Nd6 23. Re3 Rxe3 24. fxe3 Ne6 25. Ke2 f5 26. Rf1 Ne4 27. Ngxe4 fxe4 28. Rxf8+ Kxf8 1/2-1/2

[Event "Florencia op"]
[Site "Florencia"]
[Date "2015.12.04"]
[Round "1"]
[White "Valenzuela, Juan Camilo"]
[Black "Gomez Barrero, Sergio"]
[Result "1-0"]
[WhiteElo "1591"]
[BlackElo "2054"]
[PlyCount "40"]
[EventDate "2015.12.04"]
[EventType "swiss"]
[EventRounds "7"]
[EventCountry "COL"]
[SourceTitle "CBM 169 Extra"]
[Source "ChessBase"]
[SourceDate "2015.12.18"]
[SourceVersion "1"]
[SourceVersionDate "2015.12.18"]
[SourceQuality "1"]

1. e4 e6 2. d4 d5 3. Nd2 a6 4. Bd3 g6 5. Ne2 Bg7 6. c3 Nf6 7. 0-0 b6 8. b3 Bb7 9. exd5 Nxd5 10. Ba3 Nd7 11. Be4 Rb8 12. Bxd5 Bxd5 13. Nf4 Bb7 14. Re1 Qg5 15. g3 Bf8 16. Bxf8 Kxf8 17. h4 Qf6 18. Ne4 Bxe4 19. Rxe4 Ke8 20. Qe2 a5 1-0

[Event "Florencia San Pedrino-Caqueta"]
[Site "Florencia"]
[Date "2015.06.19"]
[Round "3.9"]
[White "Medina Coneo, Arlintong"]
[Black "Valenzuela, Juan Camilo"]
[Result "0-1"]
[WhiteElo "1682"]
[BlackElo "1551"]
[PlyCount "90"]
[EventDate "2015.06.18"]
[EventType "swiss"]
[EventRounds "7"]
[EventCountry "COL"]
[SourceTitle "EXT 2024"]
[Source "ChessBase"]
[SourceDate "2023.10.10"]
[SourceVersion "1"]
[SourceVersionDate "2023.10.10"]
[SourceQuality "1"]

1. d4 e6 2. c4 Nf6 3. Nc3 d5 4. e3 Nbd7 5. a3 b6 6. b3 Bb7 7. Nf3 Bd6 8. Bb2 Rc8 9. Bd3 c5 10. Nb5 Bb8 11. h3 a6 12. Nc3 0-0 13. Qc2 Qc7 14. Rc1 Qd6 15. g4 dxc4 16. Be2 cxd4 17. exd4 b5 18. bxc4 bxc4 19. g5 Nd5 20. Ne4 Qf4 21. Rb1 Ne3 22. fxe3 Bxe4 23. Qc3 Qg3+ 24. Kd2 Bxf3 25. Bxf3 Qxf3 26. Rbg1 e5 27. Qa5 Qf2+ 28. Kc1 Qxe3+ 29. Kb1 c3 30. Bc1 Qd3+ 31. Ka1 Qb5 32. Qxb5 axb5 33. dxe5 Bxe5 34. h4 f6 35. g6 h6 36. Ka2 Nc5 37. Be3 Nd3 38. Rd1 Rfd8 39. Rb1 c2 40. Rxb5 c1Q 41. Bxc1 Rxc1 42. Rh3 Rc2+ 43. Kb3 Rb2+ 44. Ka4 Ra8+ 45. Ra5 Nc5# 0-1

[Event "Ortega op 5th"]
[Site "Ortega"]
[Date "2015.06.15"]
[Round "7"]
[White "Cespedes Galindo, Estefania"]
[Black "Valenzuela, Juan Camilo"]
[Result "1-0"]
[WhiteElo "1763"]
[BlackElo "1551"]
[PlyCount "47"]
[EventDate "2015.06.12"]
[EventType "swiss"]
[EventRounds "7"]
[EventCountry "COL"]
[SourceTitle "CBM 167 Extra"]
[Source "ChessBase"]
[SourceDate "2015.09.14"]
[SourceVersion "1"]
[SourceVersionDate "2015.09.14"]
[SourceQuality "1"]

1. d4 e6 2. Nf3 Nf6 3. Bg5 Be7 4. Nbd2 Nd5 5. Bxe7 Nxe7 6. e4 b6 7. Bd3 Bb7 8. 0-0 0-0 9. c4 f5 10. Qc2 Na6 11. a3 d6 12. d5 e5 13. exf5 Nc5 14. f6 gxf6 15. Bxh7+ Kf7 16. Nh4 Rh8 17. f4 Kg7 18. fxe5 dxe5 19. Nf5+ Nxf5 20. Bxf5 Bc8 21. Rf3 Bxf5 22. Rg3+ Kf7 23. Qxf5 Qd7 24. Qg6+ 1-0

[Event "Ortega op 5th"]
[Site "Ortega"]
[Date "2015.06.14"]
[Round "6"]
[White "Valenzuela, Juan Camilo"]
[Black "Renteria, Deison G"]
[Result "1-0"]
[WhiteElo "1551"]
[BlackElo "1576"]
[PlyCount "59"]
[EventDate "2015.06.12"]
[EventType "swiss"]
[EventRounds "7"]
[EventCountry "COL"]
[SourceTitle "CBM 167 Extra"]
[Source "ChessBase"]
[SourceDate "2015.09.14"]
[SourceVersion "1"]
[SourceVersionDate "2015.09.14"]
[SourceQuality "1"]

1. b3 e5 2. Bb2 d6 3. g3 Nf6 4. Bg2 c6 5. e3 Be6 6. d3 Be7 7. Ne2 0-0 8. Nd2 Nbd7 9. 0-0 Bg4 10. h3 Be6 11. f4 exf4 12. gxf4 Nb6 13. f5 Bd7 14. Ng3 Nbd5 15. Bxd5 Nxd5 16. Qf3 Bf6 17. Bxf6 Nxf6 18. Nge4 Qe7 19. Nxf6+ Qxf6 20. Ne4 Qh6 21. f6 g6 22. Rf2 Rfe8 23. Re1 Re6 24. Qf4 Qxh3 25. Rh2 Rxe4 26. dxe4 Qe6 27. Qh6 Qxf6 28. Qxh7+ Kf8 29. Qh8+ Ke7 30. Qxa8 1-0

[Event "South Region-ch U16 Integrada"]
[Site "Neiva"]
[Date "2015.03.30"]
[Round "5.5"]
[White "Valenzuela, Juan Camilo"]
[Black "Herrera C, Carlos Stiven"]
[Result "1/2-1/2"]
[WhiteElo "1614"]
[BlackElo "1402"]
[PlyCount "68"]
[EventDate "2015.03.28"]
[EventType "swiss"]
[EventRounds "6"]
[EventCountry "COL"]
[SourceTitle "EXT 2024"]
[Source "ChessBase"]
[SourceDate "2023.10.10"]
[SourceVersion "1"]
[SourceVersionDate "2023.10.10"]
[SourceQuality "1"]

1. f4 d6 2. Nf3 Nc6 3. e3 g6 4. Be2 Bg7 5. 0-0 Nf6 6. Nc3 0-0 7. Qe1 Re8 8. Qh4 Bf5 9. d3 d5 10. h3 e5 11. g4 Bd7 12. g5 e4 13. Ne1 exd3 14. cxd3 d4 15. exd4 Nxd4 16. Bd1 Nh5 17. Bxh5 gxh5 18. Bd2 Nf5 19. Qxh5 Ng3 20. Qf3 Nxf1 21. Kxf1 Bc6 22. Qg3 Qd4 23. Nc2 Qd6 24. Be1 Rad8 25. Rd1 Qe6 26. d4 Bb5+ 27. Kg1 Bc6 28. Bf2 a6 29. Nb4 Bd7 30. Kh2 c6 31. Nc2 Qg6 32. Ne3 Be6 33. Ng2 Bd5 34. Ne3 f5 1/2-1/2